The Institute of social and religious research, 1921-1934. (Record no. 18066)

MARC details
000 -LEADER
fixed length control field 00916cam a22002651 4500
001 - CONTROL NUMBER
control field ca 36000323
003 - CONTROL NUMBER IDENTIFIER
control field DLC
005 - DATE AND TIME OF LATEST TRANSACTION
control field 20260227111141.0
008 - FIXED-LENGTH DATA ELEMENTS--GENERAL INFORMATION
fixed length control field 741119s1934 xx 000 0 eng
010 ## - LIBRARY OF CONGRESS CONTROL NUMBER
LC control number ca 36000323
035 ## - SYSTEM CONTROL NUMBER
System control number (OCoLC)1080401
040 ## - CATALOGING SOURCE
Original cataloging agency DLC
Transcribing agency OU
Modifying agency DLC
050 00 - LIBRARY OF CONGRESS CALL NUMBER
Classification number H11
Item number .I55
082 ## - DEWEY DECIMAL CLASSIFICATION NUMBER
Classification number 307.2
110 2# - MAIN ENTRY--CORPORATE NAME
Corporate name or jurisdiction name as entry element Institute of Social and Religious Research.
245 04 - TITLE STATEMENT
Title The Institute of social and religious research, 1921-1934.
260 ## - PUBLICATION, DISTRIBUTION, ETC.
Place of publication, distribution, etc. [New York,
Name of publisher, distributor, etc. The Institute,
Date of publication, distribution, etc. pref. 1934]
300 ## - PHYSICAL DESCRIPTION
Extent 59 p.
Dimensions 21 cm.
500 ## - GENERAL NOTE
General note "Foreword" signed by John R. Mott, president of the institute.
500 ## - GENERAL NOTE
General note "Appendix, List of institute publications": p. 53-59.
500 ## - GENERAL NOTE
General note Prepared by Galen M. Fisher. cf. Foreword.
500 ## - GENERAL NOTE
General note The institute was dissolved October 20, 1934.
700 1# - ADDED ENTRY--PERSONAL NAME
Personal name Mott, John R.
Fuller form of name (John Raleigh),
Dates associated with a name 1865-1955.
700 1# - ADDED ENTRY--PERSONAL NAME
Personal name Fisher, Galen Merriam,
Dates associated with a name 1873-1955.

No items available.

Powered by Koha